00311cam a22001217a 4500008003600000082001300036100001900049245004800068260002400116300000800140650002200148650001900170180718b xxu||||| |||| 00| 0 eng d aZ23 P288 aPavaskar, Rama aCotton future and farmerscby Rama Pavaskar aBombaybBy Authorc a8p. aCotton- marketing aCotton farmers